书目信息 |
| 题名: |
《太平经》研究:以生命为中心的综合考察
|
|
| 作者: | 姜守诚 著 | |
| 分册: | ||
| 出版信息: | 北京 社会科学文献出版社 2007.10 |
|
| 页数: | 527页 | |
| 开本: | 24cm | |
| 丛书名: | ||
| 单 册: | ||
| 中图分类: | B951 | |
| 科图分类: | ||
| 主题词: | 道教 | |
| 电子资源: | ||
| ISBN: | ||
| 000 | 00583nam0 2200169 450 | |
| 001 | 202410289932492202 | |
| 005 | 20241029165402.19 | |
| 100 | @a20241028d km y0chiy0120 ea | |
| 101 | 0 | @achi |
| 200 | 1 | @a《太平经》研究:以生命为中心的综合考察@A《Tai Ping Jing》Yan Jiu:Yi Sheng Ming Wei Zhong Xin De Zong He Kao Cha@f姜守诚著@FJiang Shou Cheng Zhu |
| 210 | @a北京@c社会科学文献出版社@d2007.10 | |
| 215 | @a527页@d24cm | |
| 606 | 0 | @a道教 |
| 690 | @aB951@v4 | |
| 701 | 0 | @a姜守诚@AJiang Shou Cheng@4著 |
| 801 | 0 | @aCN@b大连网信软件有限公司图书馆·11@c20241029 |
| 905 | @aZUCC@dB951@e632@f1 | |
| 《太平经》研究:以生命为中心的综合考察/姜守诚著.-北京:社会科学文献出版社,2007.10 |
| 527页;24cm |
| ISBN : |
| ● |
| 相关链接 |
|
|
|
|
正题名:《太平经》研究:以生命为中心的综合考察
索取号:B951/632
 
预约/预借
| 序号 | 登录号 | 条形码 | 馆藏地/架位号 | 状态 | 备注 |